Odhad pôsobenia výmenného kurzu na domáce ceny

Metodologické prístupy k problematike prenosu výmenného kurzu do cien. Prenos zmien výmenných kurzov do cien v ekonomickej literatúre. Definície premenných, ich zdroj a označenie. Empirické výsledky.

Guardado en:
Detalles Bibliográficos
Autor principal: Výškrabka, Milan
Formato: Capítulo de libro
Lenguaje:eslovaco
Materias:
Etiquetas: Agregar Etiqueta
Sin Etiquetas, Sea el primero en etiquetar este registro!

MARC

LEADER 00000naa$a2200000$$$4500
001 0067831
005 20231116083603.4
041 0 |a slo 
044 |a SK 
245 1 0 |a Odhad pôsobenia výmenného kurzu na domáce ceny  |c Milan Výškrabka 
520 |a Metodologické prístupy k problematike prenosu výmenného kurzu do cien. Prenos zmien výmenných kurzov do cien v ekonomickej literatúre. Definície premenných, ich zdroj a označenie. Empirické výsledky. 
610 2 0 |a kurz výmenný 
610 2 0 |a ceny 
610 2 0 |a Slovensko 
610 2 0 |a bilancia platobná 
610 2 0 |a modely ekonomicko-matematické 
610 2 0 |a výskum ekonomický 
610 2 0 |a indexy cenové 
100 1 |a Výškrabka, Milan